| 000 | 00814nam a2200253Ia 4500 | ||
|---|---|---|---|
| 003 | GCL | ||
| 005 | 20240530110911.0 | ||
| 008 | 140319s199؟ ua g 000 0 ara d | ||
| 040 |
_aGCL / _cGCL |
||
| 082 | 0 | 4 |
_a323.109/ _bخ م |
| 100 | 0 | _aخالد محمد خالد | |
| 245 | 1 | 0 |
_aمواطنون لا رعايا / _cخالد محمد خالد |
| 250 | _aط.3 | ||
| 260 |
_aالقاهرة : _bدار النيل، _c[199-]. |
||
| 300 |
_a211 ص. ؛ _c19 سم. |
||
| 650 | 0 | 7 |
_aالسياسة الدولية _2qrmak |
| 650 | 0 | 7 |
_aالعلاقات الخارجية _2qrmak |
| 650 | 0 | 7 |
_aالعلوم السياسية _2qrmak |
| 650 | 0 | 7 |
_aالمواطنة _2qrmak |
| 650 | 0 | 7 |
_aالحرية _2qrmak |
| 650 | 0 | 7 |
_aالاستعمار _2qrmak |
| 700 | 0 |
_aبشير السباعى _eمترجم |
|
| 942 |
_2ddc _cBK |
||
| 999 |
_c66311 _d66311 |
||